Facultad de Odontología.  Biblioteca.  Nodo central                      



header.jpg

Natural esthetics / (Registro nro. 1702)

Detalles MARC
000 -LEADER
campo de control de longitud fija 00714nam a2200229Ia 4500
005 - FECHA Y HORA DE LA ÚLTIMA TRANSACCIÓN
campo de control 20230704220422.0
008 - DATOS DE LONGITUD FIJA--INFORMACIÓN GENERAL
campo de control de longitud fija 230608t2002||||xx |||||||||||||| ||und||
040 ## - FUENTE DE CATALOGACIÓN
Centro catalogador/agencia de origen ODONTO
Lengua de catalogación spa
Centro/agencia transcriptor ODONTO
Centro/agencia modificador ODONTO
041 ## - CÓDIGO DE IDIOMA
Código de lengua del texto/banda sonora o título independiente ing
082 ## - NÚMERO DE LA CLASIFICACIÓN DECIMAL DEWEY
Número de clasificación 617.692 A239
100 #1 - ENTRADA PRINCIPAL--NOMBRE DE PERSONA
Nombre de persona Adolfi, Dario
9 (RLIN) 4924
245 #0 - MENCIÓN DEL TÍTULO
Título Natural esthetics /
Mención de responsabilidad, etc. Darío Adolfi ; tr. Carlos dos Reis.--
260 ## - PUBLICACIÓN, DISTRIBUCIÓN, ETC.
Lugar de publicación, distribución, etc. Sao Paulo :
Nombre del editor, distribuidor, etc. Quintessence,
Fecha de publicación, distribución, etc. 2002.
300 ## - DESCRIPCIÓN FÍSICA
Extensión ix 118 p. :
Otras características físicas il. ;
Dimensiones 31 cm.
500 ## - NOTA GENERAL
Nota general Título en Portugués : A estética natural
650 02 - PUNTO DE ACCESO ADICIONAL DE MATERIA--TÉRMINO DE MATERIA
Término de materia o nombre geográfico como elemento de entrada Odontología estética
9 (RLIN) 1482
650 02 - PUNTO DE ACCESO ADICIONAL DE MATERIA--TÉRMINO DE MATERIA
Término de materia o nombre geográfico como elemento de entrada Materiales dentales
9 (RLIN) 757
650 02 - PUNTO DE ACCESO ADICIONAL DE MATERIA--TÉRMINO DE MATERIA
Término de materia o nombre geográfico como elemento de entrada Implantes dentarios
9 (RLIN) 1305
650 02 - PUNTO DE ACCESO ADICIONAL DE MATERIA--TÉRMINO DE MATERIA
Término de materia o nombre geográfico como elemento de entrada Color en Odontología
9 (RLIN) 1828
942 ## - ELEMENTOS DE ENTRADA SECUNDARIOS (KOHA)
Fuente del sistema de clasificación o colocación Clasificación Decimal Dewey
Tipo de ítem Koha Libros
Suprimir en OPAC No
Existencias
Estatus retirado Estado de pérdida Fuente del sistema de clasificación o colocación Estado de daño No para préstamo Biblioteca de origen Biblioteca actual Ubicación en estantería Fecha de adquisición Coste, precio normal de compra Número de inventario Signatura topográfica completa Código de barras Visto por última vez Tipo de ítem Koha
    Clasificación Decimal Dewey     Biblioteca de la Facultad de Odontología Biblioteca de la Facultad de Odontología Colección general 25/11/2002 842.99 10-H-408-2002 617.692 A239 L00001812 04/07/2023 Libros